| 000 | 00389 a2200145 4500 | ||
|---|---|---|---|
| 005 | 20250415090619.0 | ||
| 020 | _a978-0-316-27383-1 | ||
| 082 | _a891.8 SAP | ||
| 100 | _aSAPKOWSKI, A. | ||
| 245 | _aThe Lady of the Lake | ||
| 260 |
_aNew York, _bOrbit, _c2017. |
||
| 300 |
_a554p., _c21cm. |
||
| 856 |
_yAccess Online Book _fThe Lady of the Lake _dwww.orbitbooks.net |
||
| 942 |
_2ddc _cBKS |
||
| 999 |
_c1427 _d1427 |
||